[Event "Suwalki Warakomska Memorial 1st"]
[Site "Suwalki"]
[Date "2017.??.??"]
[Round "5"]
[White "Vetoshko, Volodymyr"]
[Black "Grib, Roman"]
[Result "1-0"]
[WhiteElo "2517"]
[BlackElo "2427"]
[PlyCount "121"]
[EventDate "2017.08.11"]
[EventType "swiss"]
[EventRounds "9"]
[EventCountry "POL"]
[SourceTitle "CBM 180 Extra"]
[Source "ChessBase"]
[SourceDate "2017.10.06"]
[SourceVersion "1"]
[SourceVersionDate "2017.10.06"]
[SourceQuality "1"]

1. e4 e5 2. Nf3 Nc6 3. Bb5 Nf6 4. d3 d6 5. c3 g6 6. 0-0 Bg7 7. Re1 0-0 8. Nbd2 Bd7 9. Nf1 h6 10. Ng3 Nh7 11. h3 Ng5 12. Nxg5 hxg5 13. Be3 Kh7 14. Qd2 Bf6 15. d4 a6 16. Ba4 b5 17. Bc2 Rh8 18. f3 Kg7 19. d5 Na5 20. b3 Nb7 21. b4 a5 22. Reb1 c5 23. dxc6 Bxc6 24. Bb3 Rc8 25. a4 Qc7 26. axb5 Bxb5 27. bxa5 Nxa5 28. Bxf7 Bc4 29. Bd5 Rb8 30. Rxb8 Rxb8 31. Rxa5 Qxa5 32. Bxc4 Rc8 33. Qd5 Qxd5 34. Bxd5 Rxc3 35. Nf1 Bd8 36. Bf2 Rc1 37. Be3 Rb1 38. Kf2 Bb6 39. Bxb6 Rxb6 40. Ne3 Kf6 41. Nc4 Ra6 42. Kg3 Ke7 43. Kg4 Ra2 44. g3 Rg2 45. Na3 Rg1 46. Nb5 Rg2 47. Nc7 Rg1 48. Ne6 Rg2 49. Nxg5 Rg1 50. h4 Rg2 51. Ne6 Kf6 52. Nd8 Rg1 53. Nb7 Ke7 54. Na5 Rg2 55. Nc4 Rg1 56. f4 exf4 57. Kxf4 Rf1+ 58. Kg5 Rg1 59. g4 Rg3 60. Nd2 Rg2 61. Nb3 1-0

[Event "Kaunas Butnorius 70 op"]
[Site "Kaunas"]
[Date "2016.08.02"]
[Round "2"]
[White "Zygmanta, Eugenijus"]
[Black "Grib, Roman"]
[Result "0-1"]
[WhiteElo "1952"]
[BlackElo "2408"]
[PlyCount "84"]
[EventDate "2016.08.01"]
[EventType "swiss"]
[EventRounds "9"]
[EventCountry "LTU"]
[SourceTitle "CBM 173 Extra"]
[Source "ChessBase"]
[SourceDate "2016.08.29"]
[SourceVersion "1"]
[SourceVersionDate "2016.08.29"]
[SourceQuality "1"]

1. e4 e5 2. Nc3 Nc6 3. Nf3 Nf6 4. Bb5 Nd4 5. Nxe5 Qe7 6. Nf3 Nxb5 7. Nxb5 Qxe4+ 8. Qe2 Qxe2+ 9. Kxe2 Nd5 10. Re1 f6 11. Kd1+ Kf7 12. d3 a6 13. Nbd4 c5 14. Ne2 b5 15. Nf4 Bb7 16. Nxd5 Bxd5 17. Bf4 g5 18. Bg3 h5 19. h3 h4 20. Bh2 g4 21. Nd2 Bxg2 22. hxg4 Rg8 23. f3 Bh6 24. Bd6 Rae8 25. Bxc5 Bf4 26. c3 h3 27. Ne4 Bxf3+ 28. Kc2 Rxg4 29. Nf2 Rxe1 30. Rxe1 Rg2 31. Kb3 Rxf2 32. Bxf2 h2 33. Kb4 Bc7 34. c4 bxc4 35. Kxc4 h1Q 36. Rxh1 Bxh1 37. Kc5 d6+ 38. Kb4 Ke6 39. Kc3 Bc6 40. b4 d5 41. a4 Be5+ 42. Kb3 d4 0-1

[Event "EU-ch rapid"]
[Site "Minsk"]
[Date "2015.12.20"]
[Round "9"]
[White "Grib, Roman"]
[Black "Belyakov, Bogdan"]
[Result "0-1"]
[WhiteElo "2408"]
[BlackElo "2511"]
[PlyCount "54"]
[EventDate "2015.12.19"]
[EventType "swiss (rapid)"]
[EventRounds "11"]
[EventCountry "BLR"]
[SourceTitle "EXT 2017"]
[Source "ChessBase"]
[SourceDate "2016.10.25"]
[SourceVersion "1"]
[SourceVersionDate "2016.10.25"]
[SourceQuality "1"]

1. e4 e5 2. Nf3 Nc6 3. Bb5 Nf6 4. d3 Bc5 5. 0-0 d6 6. c3 0-0 7. Re1 Ng4 8. Re2 f5 9. Nbd2 Kh8 10. h3 Nf6 11. b4 Bb6 12. Nc4 fxe4 13. dxe4 Nh5 14. Nxb6 axb6 15. Nh2 Ne7 16. Re1 Nf4 17. Bxf4 Rxf4 18. Nf1 Ng6 19. Re3 Be6 20. a4 Qf6 21. Qe1 Rf8 22. f3 Qg5 23. Qg3 Qe7 24. a5 bxa5 25. Rxa5 R4f6 26. Kh2 Nf4 27. Qh4 Nxg2 0-1